书目信息 |
| 题名: |
市政工程识图与工程量清单计价一本通
|
|
| 作者: | 本书编委会编 | |
| 分册: | ||
| 出版信息: | 北京 中国建材工业出版社 2014.12 |
|
| 页数: | 304页 | |
| 开本: | 26cm | |
| 丛书名: | 建设工程识图与工程量清单计价一本通系列 | |
| 单 册: | ||
| 中图分类: | TU99 | |
| 科图分类: | ||
| 主题词: | 市政工程--shi zheng gong cheng--工程造价 , 市政工程--shi zheng gong cheng--工程制图--识图 | |
| 电子资源: | ||
| ISBN: | 978-7-5160-0993-2 | |
| 000 | 01512nam 2200301 450 | |
| 001 | CAL 0120141447082 | |
| 005 | 20150826135725.34 | |
| 010 | @a978-7-5160-0993-2@dCNY50.00 | |
| 100 | @a20150105d2014 em y0chiy50 ea | |
| 101 | 0 | @achi |
| 102 | @aCN@b110000 | |
| 105 | @aak a 000yy | |
| 106 | @ar | |
| 200 | 1 | @a市政工程识图与工程量清单计价一本通@Ashi zheng gong cheng shi tu yu gong cheng liang qing dan ji jia yi ben tong@f本书编委会编 |
| 205 | @a第2版 | |
| 210 | @a北京@c中国建材工业出版社@d2014.12 | |
| 215 | @a304页@c图@d26cm | |
| 225 | 2 | @a建设工程识图与工程量清单计价一本通系列@Ajian she gong cheng shi tu yu gong cheng liang qing dan ji jia yi ben tong xi lie |
| 300 | @a根据《建设工程工程量清单计价规法》 (GB 50500-2013) 《市政工程工程量计算规范》 (GB 50857-2013) 编写 | |
| 320 | @a有书目 | |
| 330 | @a全书主要内容包括市政工程施工图识读、工程量清单与计价、市政工程招标工程量清单编制、招标控制价与投标报价、工程合同价款管理与计价资料、市政土石方工程计量与计价、市政道路工程识图与计价、市政桥涵工程识图与计价、市政隧道工程识图与计价、市政管网工程识图与计价、市政水处理工程清单计价、生活垃圾处理工程清单计价、路灯工程、钢筋与拆除工程、措施项目、市政工程竣工结算、市政工程工程量清单计价编制示例等。 | |
| 410 | 0 | @12001 @a建设工程识图与工程量清单计价一本通系列 |
| 586 | @a | |
| 606 | 0 | @a市政工程@Ashi zheng gong cheng@x工程造价 |
| 606 | 0 | @a市政工程@Ashi zheng gong cheng@x工程制图@x识图 |
| 690 | @aTU99@v5 | |
| 801 | 0 | @aCN@c20150820 |
| 905 | @a河南城建学院图书馆@dTU99@eS6077@f3 | |
| 市政工程识图与工程量清单计价一本通/本书编委会编.-第2版.-北京:中国建材工业出版社,2014.12 |
| 304页:图;26cm.-(建设工程识图与工程量清单计价一本通系列) |
| 根据《建设工程工程量清单计价规法》 (GB 50500-2013) 《市政工程工程量计算规范》 (GB 50857-2013) 编写 |
| ISBN 978-7-5160-0993-2:CNY50.00 |
| 全书主要内容包括市政工程施工图识读、工程量清单与计价、市政工程招标工程量清单编制、招标控制价与投标报价、工程合同价款管理与计价资料、市政土石方工程计量与计价、市政道路工程识图与计价、市政桥涵工程识图与计价、市政隧道工程识图与计价、市政管网工程识图与计价、市政水处理工程清单计价、生活垃圾处理工程清单计价、路灯工程、钢筋与拆除工程、措施项目、市政工程竣工结算、市政工程工程量清单计价编制示例等。 |
| ● |
| 相关链接 |
|
|
|
正题名:市政工程识图与工程量清单计价一本通
索取号:TU99/S6077
 
预约/预借
| 序号 | 登录号 | 条形码 | 馆藏地/架位号 | 状态 | 备注 |
| 1 | 1224512 | 212245122 | 建筑库201/201建筑库 122排2列1层/ [索取号:TU99/S6077] | 在馆 | |
| 2 | 1224513 | 212245131 | 建筑库201/201建筑库 122排2列1层/ [索取号:TU99/S6077] | 在馆 | |
| 3 | 1224514 | 212245140 | 建筑库201/201建筑库 122排2列1层/ [索取号:TU99/S6077] | 在馆 |